ACCOUNTING INFORMATION SYSTEMS (Record no. 83468)
[ view plain ]
| 000 -LEADER | |
|---|---|
| fixed length control field | 00241nam a2200097Ia 4500 |
| 050 ## - LIBRARY OF CONGRESS CALL NUMBER | |
| Classification number | HF5679.R66 2006 |
| 100 ## - MAIN ENTRY--PERSONAL NAME | |
| Personal name | MARSHALL B. ROMNEY |
| 245 #0 - TITLE STATEMENT | |
| Title | ACCOUNTING INFORMATION SYSTEMS |
| 942 ## - ADDED ENTRY ELEMENTS (KOHA) | |
| Koha item type | Long Loan Book |
| Withdrawn status | Lost status | Source of classification or shelving scheme | Damaged status | Not for loan | Collection | Home library | Current library | Date acquired | Inventory number | Total checkouts | Full call number | Barcode | Date last seen | Copy number | Price effective from | Koha item type | Shelving location |
|---|---|---|---|---|---|---|---|---|---|---|---|---|---|---|---|---|---|
| Library of Congress Classification | Business & Economics | Kisii University Library | Kisii University Library | 09/15/2023 | 50367 | HF 5679 .R66 2006 C.2 | 003569 | 09/15/2023 | C.2 | 09/15/2023 | Long Loan Book | ||||||
| Library of Congress Classification | Business & Economics | Kisii University Library | Kisii University Library | 09/15/2023 | 087410 | HF 5679 .R66 2006 C.3 | 009970 | 05/06/2025 | C.3 | 09/15/2023 | Long Loan Book | ||||||
| Library of Congress Classification | Business & Economics | Kisii University Library | Kisii University Library | 05/08/2025 | 22986 | HF 5679 .R66 2006 C.1 | 004824 | 05/08/2025 | C.1 | 05/08/2025 | Long Loan Book | On Display |